[Event "ICS rated blitz match"]
[Site "204.178.125.65"]
[Date "1999.09.18"]
[Round "?"]
[White "Hossa"]
[Black "brutus"]
[Result "1-0"]
[WhiteElo "2564"]
[BlackElo "2120"]
[Annotator "Fritz 5.32 (20s)"]
[PlyCount "95"]
[EventDate "1999.??.??"]

1. e4 1... e6 {Opening = C11 - 3.Nc3 Nf6(4.Bg5 ---)} 2. d4 d5 3. Nc3 Nf6 4. e5
Nfd7 5. Nf3 c5 6. Bg5 (6. Bf4 cxd4 7. Nxd4 Nc6 8. Nxc6 bxc6 9. Bd3 Rb8 10. O-O
Rxb2 11. Ne2 Nc5 12. Nd4 Rb6 13. Nb3 Nxd3 14. cxd3 c5 15. Rc1 Rc6 16. Be3 Qc7
17. Bxc5 Bxc5 18. Qc2 Ba6 19. Nxc5 Bxd3 20. Qa4 20... Bc4 {
Horner,J-Carleton,J/Ayr 1978/EXT 99/0-1 (40)}) 6... Qb6 7. Bb5 Nc6 8. dxc5 $146
(8. Bxc6 bxc6 9. Be3 cxd4 10. Nxd4 c5 11. Nf3 d4 12. Nxd4 cxd4 13. Bxd4 Bc5 14.
Bxc5 Qxc5 15. f4 O-O 16. Qf3 Rb8 17. O-O-O Qb4 18. b3 Bb7 19. Qe3 Nb6 20. Rd4
Qc5 21. Qd3 Rbc8 22. Kb2 Rb8 23. h4 Ba6 24. Qe4 Rfc8 25. Na4 Nxa4+ 26. Rxa4 Bb7
27. Qe2 Bd5 28. Rc1 Qc3+ 29. Ka3 a5 30. g4 Rb4 31. Rxb4 31... axb4+ {
0-1 Soltes,M-Sarana,O/Bratislava 1997/EXT 98 (31)}) 8... Bxc5 9. O-O a6 10.
Bxc6 Qxc6 11. Qd2 b5 12. Rfd1 Bb7 13. Nd4 {Ein gutes Feld fuer den Springer}
13... Bxd4 $11 (13... Qc7 $5 $15) 14. Qxd4 14... Qc4 $14 (14... O-O 15. Be7
Rfc8 16. Bd6 $11) 15. a4 $11 (15. Ne4 O-O 16. Nd6 Qxd4 17. Rxd4 17... Bc6 $14)
15... Qxd4 16. Rxd4 h6 17. Bf4 bxa4 18. Raxa4 Ke7 19. Bg3 Rhc8 20. f4 Bc6 21.
Ra2 Bb5 22. Ra5 Bc4 23. Kf2 Rab8 24. Nd1 Rb5 25. Ra3 Rb7 26. Kf3 Bb5 27. Rd2
Rbc7 28. Nc3 Nb6 29. Rd4 Nc4 30. Ra2 Nb6 31. Be1 31... Rc4 $14 (31... Bc4 32.
Ra5 $11) 32. Nxb5 axb5 33. Ra7+ R4c7 34. Rxc7+ Rxc7 35. Ba5 Rb7 36. g4 Nc4 37.
Bb4+ Kd7 (37... Ke8 38. b3 Nb6 39. h4 $14) 38. b3 Nb6 39. Bf8 g6 40. Rb4 Kc6
41. Bxh6 Ra7 42. Rd4 Ra2 43. Rd2 Nd7 44. h4 Nc5 45. Rg2 45... Ne4 $18 (45...
Ra1 46. Bg5 $16) 46. h5 46... gxh5 $18 (46... Ra1 47. Rh2 $16) 47. gxh5 {
h5 setzt sich schnell in Bewegung} 47... Ra8 48. Bg7 (48. Bg7 Ra1 49. h6 Rf1+
50. Kg4 $18) 1-0

[Event "ICS rated blitz match"]
[Site "204.178.125.65"]
[Date "1999.09.04"]
[Round "?"]
[White "Hossa"]
[Black "brutus"]
[Result "1-0"]
[WhiteElo "2503"]
[BlackElo "2069"]
[PlyCount "77"]
[EventDate "1999.??.??"]

1. e4 e6 2. d4 d5 3. Nc3 Nf6 4. e5 Nfd7 5. f4 c5 6. Nf3 Nc6 7. Bb5 Qb6 8. Bxc6
Qxc6 9. O-O b6 10. Be3 Ba6 11. Re1 Be7 12. Ne2 O-O 13. c3 g6 14. Bf2 Bxe2 15.
Qxe2 c4 16. Bh4 Bxh4 17. Nxh4 b5 18. Qg4 Rfe8 19. Qg5 Qc7 20. Qh6 Qd8 21. b3
Qe7 22. Rab1 Reb8 23. Nf3 Qf8 24. Qg5 a6 25. Qh4 Qd8 26. Ng5 Nf8 27. Qh6 cxb3
28. axb3 Rc8 29. Re3 f6 30. Nxh7 Nxh7 31. Qxg6+ Kh8 32. Rh3 Rc7 33. exf6 Raa7
34. Re1 Qg8 35. Qh5 Qf7 36. Qe5 Kg8 37. Rg3+ Kf8 38. Qd6+ Ke8 39. Rxe6+ {
brutus resigns} 1-0

[Event "ICS rated blitz match"]
[Site "204.178.125.65"]
[Date "1999.09.12"]
[Round "?"]
[White "Hossa"]
[Black "brutus"]
[Result "1-0"]
[WhiteElo "2440"]
[BlackElo "2109"]
[PlyCount "107"]
[EventDate "1999.??.??"]

1. e4 e6 2. d4 d5 3. e5 Bd7 4. Nf3 c5 5. Bg5 Qb6 6. Bc1 Nc6 7. c3 cxd4 8. cxd4
Nge7 9. g4 h5 10. Bh3 hxg4 11. Bxg4 Nf5 12. Bxf5 exf5 13. O-O O-O-O 14. Nc3 Be6
15. Bg5 Be7 16. Bxe7 Nxe7 17. Na4 Qa5 18. Qb3 Rh3 19. Nc5 Qb6 20. Qxb6 axb6 21.
Nxe6 fxe6 22. Ng5 Rh5 23. Nxe6 Rdh8 24. Kg2 Rxh2+ 25. Kf3 R8h3+ 26. Ke2 Rh4 27.
Ke3 Re4+ 28. Kd3 Kd7 29. Nxg7 Rg2 30. Nh5 Ke6 31. Ng3 Rf4 32. Ke3 Rg4 33. Rh1
f4+ 34. Kf3 fxg3 35. Kxg4 gxf2+ 36. Kf3 f1=Q+ 37. Rhxf1 Rxb2 38. Rfb1 Rxb1 39.
Rxb1 Nc8 40. Rb5 Ne7 41. Rxb6+ Nc6 42. Ke3 Kd7 43. Rxb7+ Ke6 44. a4 Kf5 45. Rb6
Na5 46. Rb5 Nc4+ 47. Kd3 Nxe5+ 48. dxe5 Kxe5 49. a5 Kd6 50. Kd4 Kc6 51. Rxd5
Kb7 52. Kc5 Ka8 53. Kb6 Kb8 54. Rd8# {brutus checkmated} 1-0

[Event "ICS rated blitz match"]
[Site "204.178.125.65"]
[Date "1999.09.18"]
[Round "?"]
[White "Hossa"]
[Black "brutus"]
[Result "1-0"]
[WhiteElo "2592"]
[BlackElo "2093"]
[Annotator "Fritz 5.32 (20s)"]
[PlyCount "96"]
[EventDate "1999.??.??"]

1. e4 1... e6 {Opening = C11 - 3.Nc3 Nf6(4.Bg5 ---)} 2. d4 d5 3. Nc3 Nf6 4. e5
Nfd7 5. Nf3 c5 6. Bg5 (6. Bf4 cxd4 7. Nxd4 Nc6 8. Nxc6 bxc6 9. Bd3 Rb8 10. O-O
Rxb2 11. Ne2 Nc5 12. Nd4 Rb6 13. Nb3 Nxd3 14. cxd3 c5 15. Rc1 Rc6 16. Be3 Qc7
17. Bxc5 Bxc5 18. Qc2 Ba6 19. Nxc5 Bxd3 20. Qa4 20... Bc4 {
Horner,J-Carleton,J/Ayr 1978/EXT 99/0-1 (40)}) 6... Qb6 7. Bb5 Nc6 8. dxc5 $146
(8. Bxc6 bxc6 9. Be3 cxd4 10. Nxd4 c5 11. Nf3 d4 12. Nxd4 cxd4 13. Bxd4 Bc5 14.
Bxc5 Qxc5 15. f4 O-O 16. Qf3 Rb8 17. O-O-O Qb4 18. b3 Bb7 19. Qe3 Nb6 20. Rd4
Qc5 21. Qd3 Rbc8 22. Kb2 Rb8 23. h4 Ba6 24. Qe4 Rfc8 25. Na4 Nxa4+ 26. Rxa4 Bb7
27. Qe2 Bd5 28. Rc1 Qc3+ 29. Ka3 a5 30. g4 Rb4 31. Rxb4 31... axb4+ {
0-1 Soltes,M-Sarana,O/Bratislava 1997/EXT 98 (31)}) 8... Nxc5 9. O-O a6 10.
Bxc6+ 10... bxc6 {Staerkt b5} 11. Rb1 a5 12. Qd2 12... Ba6 {
Schwarz muss dringend die Entwicklung vorantreiben.} 13. Rfd1 Qc7 14. Bh4 14...
Be7 $14 (14... Nd7 15. Bg3 $11) 15. Bxe7 {Haelt den Koenig im Zentrum fest}
15... Qxe7 16. Qg5 (16. h3 16... O-O $11) 16... Qxg5 17. Nxg5 h6 18. Nf3 Ke7
19. Nd4 Rhc8 20. b4 $15 (20. f4 20... Nd7 $11) 20... axb4 21. Rxb4 21... Bc4
$15 (21... Nd7 $5 22. Nf3 22... c5 $17) 22. a4 22... Kd7 $16 (22... Nd7 $142 {
sieht noch spielbar aus} 23. Nf3 23... c5 $17) 23. Rxc4 $1 {
haelt den Vorteil fest} 23... dxc4 24. Nb3+ Ke7 25. Nxc5 Rd8 26. Rxd8 Rxd8 27.
g3 $16 (27. N5e4 $5 $18) 27... Rd2 28. Na2 Rxc2 29. Nb4 Rc1+ 30. Kg2 30... Kd8
$14 (30... c3 31. Kf3 c2 32. Nxc6+ Ke8 33. Nd4 $15) 31. Nxc6+ Kc7 32. Nd4 Ra1
33. Ne4 Rxa4 34. Nd6 34... c3 $16 (34... Kd7 $5 $142 {
damit waere Schwarz im Spiel geblieben} 35. Ne2 35... f6 $11) 35. N4b5+ Kc6 36.
Nxc3 36... Ra5 $18 (36... Ra3 $5 $142 37. Nce4 37... Kd5 $16) 37. Nxf7 Kc5 38.
f4 (38. h4 {gibt noch groesseren Vorteil} 38... Kc4 39. Ne2 39... Ra6 $18)
38... Kd4 39. Nd1 Ra2+ 40. Kf3 Rxh2 (40... Ra3+ 41. Kg4 $18) 41. Nd8 g5 42.
Nxe6+ Kd5 43. Ng7 gxf4 44. Kxf4 Rh1 (44... Kc6 {
wuerde die Partie noch etwas verlaengern} 45. e6 45... Kd6 $18) 45. Ne3+ Kc6
46. e6 Kd6 47. Nef5+ Kd5 48. e7 Re1 (48... Rf1+ {
bot noch bessere Widerstandsmoeglichkeiten} 49. Kg4 49... Re1 $18) 1-0

[Event "ICS rated blitz match"]
[Site "204.178.125.65"]
[Date "1999.09.03"]
[Round "?"]
[White "Hossa"]
[Black "brutus"]
[Result "1-0"]
[WhiteElo "2570"]
[BlackElo "2082"]
[PlyCount "63"]
[EventDate "1999.??.??"]

1. e4 e6 2. d4 d5 3. Nc3 Nf6 4. e5 Nfd7 5. f4 c5 6. Nf3 Nc6 7. Bb5 a6 8. Bxc6
bxc6 9. O-O cxd4 10. Nxd4 c5 11. Nf3 Bb7 12. b3 g6 13. Ba3 Bh6 14. Qe2 O-O 15.
Na4 Qc7 16. Qf2 d4 17. c3 dxc3 18. Qh4 Bg7 19. Nxc3 Rfd8 20. Rad1 Nb6 21. Ng5
h6 22. Nge4 Bxe4 23. Nxe4 Nd5 24. Bxc5 a5 25. Rf2 a4 26. b4 a3 27. Rf3 Rab8 28.
Rxa3 Nxb4 29. Rxd8+ Rxd8 30. Bxb4 Rd1+ 31. Be1 Qc1 32. Ra8+ {brutus resigns}
1-0

[Event "ICS rated blitz match"]
[Site "204.178.125.65"]
[Date "1999.08.29"]
[Round "?"]
[White "Hossa"]
[Black "brutus"]
[Result "1-0"]
[WhiteElo "2473"]
[BlackElo "2100"]
[PlyCount "38"]
[EventDate "1999.??.??"]

1. d4 Nf6 2. f3 d5 3. e4 dxe4 4. Nc3 exf3 5. Nxf3 Bf5 6. Bb5+ c6 7. Be2 e6 8.
O-O Bd6 9. Nh4 Bg6 10. Nxg6 hxg6 11. h3 Nbd7 12. Be3 Qc7 13. Kh1 O-O-O 14. d5
Nxd5 15. Nxd5 exd5 16. Rxf7 Rdf8 17. Rxg7 Qd8 18. Bg4 Qh4 19. Rxd7 19... Bc7 {
brutus resigns} 1-0

[Event "ICS rated blitz match"]
[Site "204.178.125.65"]
[Date "1999.09.04"]
[Round "?"]
[White "Hossa"]
[Black "brutus"]
[Result "1-0"]
[WhiteElo "2492"]
[BlackElo "2080"]
[PlyCount "157"]
[EventDate "1999.??.??"]

1. e4 e6 2. d4 d5 3. Nc3 Nf6 4. e5 Nfd7 5. f4 c5 6. Nf3 Nc6 7. Bb5 a6 8. Bxc6
bxc6 9. O-O cxd4 10. Nxd4 c5 11. Nf3 Bb7 12. b3 g6 13. Ba3 Be7 14. Qe2 O-O 15.
Rae1 Qb6 16. Na4 Qc6 17. Rd1 Rfe8 18. c4 d4 19. Nxd4 cxd4 20. Bxe7 Rxe7 21.
Rxd4 Nc5 22. Rd6 Qc7 23. Nc3 Rd7 24. b4 Rxd6 25. exd6 Qxd6 26. Rd1 Qc7 27. bxc5
Qxc5+ 28. Kh1 Rc8 29. Qb2 Qxc4 30. Qxb7 Qxc3 31. Qxa6 Qc2 32. Re1 Rd8 33. a3
Qf2 34. Rf1 Qc2 35. Qa5 Rd2 36. Re1 Qd3 37. Qb4 Ra2 38. Qb8+ Kg7 39. Qe5+ Kg8
40. Rc1 Rc2 41. Qa1 Rxc1+ 42. Qxc1 Qb3 43. Kg1 Qb6+ 44. Kf1 Qb5+ 45. Kf2 Qb3
46. Qc8+ Kg7 47. Qc5 Qb2+ 48. Kg3 Qb3+ 49. Kg4 h6 50. Qd4+ Kf8 51. Qb4+ Qxb4
52. axb4 Ke7 53. Kf3 Kd6 54. Ke4 f6 55. Kd4 Kc6 56. Kc4 Kb6 57. g4 Kc6 58. h4
h5 59. b5+ Kb6 60. g5 fxg5 61. fxg5 Kc7 62. Kc5 e5 63. b6+ Kb7 64. Kd5 Kxb6 65.
Kxe5 Kc7 66. Kf6 Kd6 67. Kxg6 Ke6 68. Kxh5 Kf7 69. Kg4 Kg6 70. h5+ Kg7 71. Kf5
Kh7 72. Kf6 Kg8 73. g6 Kh8 74. h6 Kg8 75. g7 Kh7 76. Kf7 Kxh6 77. g8=Q Kh5 78.
Qg3 Kh6 79. Qh4# {brutus checkmated} 1-0

[Event "ICS rated blitz match"]
[Site "204.178.125.65"]
[Date "1999.09.11"]
[Round "?"]
[White "Hossa"]
[Black "brutus"]
[Result "1-0"]
[WhiteElo "2444"]
[BlackElo "2122"]
[PlyCount "73"]
[EventDate "1999.??.??"]

1. e4 e6 2. d4 d5 3. e5 Bd7 4. Nf3 c5 5. Bg5 Qb6 6. Bc1 Nc6 7. c3 cxd4 8. cxd4
Nge7 9. g4 h5 10. Bh3 hxg4 11. Bxg4 Nf5 12. Bxf5 exf5 13. O-O Ne7 14. Nc3 Qg6+
15. Kh1 O-O-O 16. Rg1 Qh7 17. Bf4 Be6 18. Nb5 Nc6 19. Rc1 Kb8 20. Ng5 Qh4 21.
Qd2 Be7 22. Nxe6 fxe6 23. Rg6 Bb4 24. Qe3 Qe7 25. Qg3 Rh7 26. Bg5 Qd7 27. Bxd8
Nxd8 28. Nc3 Qf7 29. a3 Bxc3 30. bxc3 Nc6 31. Rg1 Na5 32. Rxg7 Qh5 33. Rxh7
Qxh7 34. Qg8+ Qxg8 35. Rxg8+ Kc7 36. h4 Nc4 37. h5 {brutus resigns} 1-0

[Event "ICS rated blitz match"]
[Site "204.178.125.65"]
[Date "1999.09.09"]
[Round "?"]
[White "Hossa"]
[Black "brutus"]
[Result "1-0"]
[WhiteElo "2465"]
[BlackElo "2072"]
[PlyCount "95"]
[EventDate "1999.??.??"]

1. c4 Nf6 2. g3 c6 3. Bg2 d5 4. cxd5 Nxd5 5. Nf3 g6 6. d4 Bg7 7. e4 Nb6 8. O-O
Bg4 9. Be3 O-O 10. Nc3 N8d7 11. Qb3 Nf6 12. Ne5 Be6 13. Qc2 Qc8 14. Qc1 Bh3 15.
Bh6 Bxg2 16. Kxg2 Ng4 17. Bxg7 Kxg7 18. Qf4 Nxe5 19. Qxe5+ Kg8 20. Qxe7 Re8 21.
Qg5 Qe6 22. Rac1 Rad8 23. Rfd1 Nc4 24. b3 Nd6 25. d5 Qe5 26. Qxe5 Rxe5 27. f4
Ree8 28. dxc6 bxc6 29. Kf3 Nb5 30. Ne2 Rxd1 31. Rxd1 c5 32. Rd5 Rc8 33. b4 Nd4+
34. Nxd4 cxd4 35. Rxd4 Rc2 36. a4 Rxh2 37. Rd8+ Kg7 38. Ra8 Rb2 39. b5 Rb3+ 40.
Kg2 Rb2+ 41. Kh3 Rb4 42. Rxa7 Rxe4 43. a5 Rb4 44. b6 Rb5 45. b7 h6 46. a6 g5
47. Ra8 gxf4 48. gxf4 {brutus resigns} 1-0

[Event "ICS rated blitz match"]
[Site "204.178.125.65"]
[Date "1999.09.18"]
[Round "?"]
[White "Hossa"]
[Black "brutus"]
[Result "1-0"]
[WhiteElo "2472"]
[BlackElo "2099"]
[PlyCount "155"]
[EventDate "1999.??.??"]

1. d4 Nf6 2. c4 g6 3. Nc3 d5 4. cxd5 Nxd5 5. e4 Nxc3 6. bxc3 Bg7 7. Nf3 O-O 8.
Ba3 b6 9. Bc4 Bb7 10. Qe2 Nd7 11. O-O c5 12. Rac1 e6 13. Rcd1 Qc7 14. Ba6 Bxa6
15. Qxa6 Rfd8 16. Rfe1 Qf4 17. Bc1 Qc7 18. Bd2 cxd4 19. cxd4 Qd6 20. Bc3 Nb8
21. Qa4 Qc6 22. Qb3 Nd7 23. Rc1 Qb7 24. Bd2 Rdc8 25. Qe3 Rxc1 26. Rxc1 Rc8 27.
Rxc8+ Qxc8 28. Qd3 Qc6 29. Be3 b5 30. d5 exd5 31. Qxd5 Qxd5 32. exd5 a5 33. Bd4
Kf8 34. Bxg7+ Kxg7 35. Nd4 Nb6 36. d6 Kf6 37. g4 b4 38. f4 Kg7 39. Nc6 f5 40.
gxf5 gxf5 41. Nxa5 Kf7 42. Nc6 Ke6 43. Nxb4 Kxd6 44. Kf2 Kc5 45. Nc2 Nd5 46.
Kf3 Nc3 47. Ne3 Nxa2 48. Nxf5 Kd5 49. Kg4 Ke6 50. Kg5 Nc3 51. Ng7+ Kf7 52. Nh5
Nd5 53. f5 Ne3 54. Kf4 Nd5+ 55. Ke4 Nc3+ 56. Ke5 Ne2 57. Nf4 Ng1 58. Ke4 Kf6
59. h4 h5 60. Nxh5+ Kf7 61. Ke3 Nh3 62. Nf4 Ng1 63. Kf2 Kf6 64. h5 Kxf5 65.
Kxg1 Kg5 66. Kh2 Kh6 67. Kg3 Kg7 68. Kg4 Kh6 69. Ne6 Kh7 70. Kg5 Kh8 71. Kg6
Kg8 72. h6 Kh8 73. Ng5 Kg8 74. h7+ Kf8 75. h8=Q+ Ke7 76. Qd4 Ke8 77. Kf6 Kf8
78. Qd8# {brutus checkmated} 1-0

[Event "ICS rated blitz match"]
[Site "204.178.125.65"]
[Date "1999.09.25"]
[Round "?"]
[White "Hossa"]
[Black "brutus"]
[Result "1-0"]
[WhiteElo "2462"]
[BlackElo "2182"]
[PlyCount "135"]
[EventDate "1999.??.??"]

1. d4 Nf6 2. Nf3 g6 3. Nc3 d5 4. Bf4 Bg7 5. e3 O-O 6. Bd3 Bg4 7. O-O c6 8. Rc1
Nbd7 9. Be2 b5 10. Ne5 Bxe2 11. Qxe2 Nxe5 12. Bxe5 Nd7 13. Bxg7 Kxg7 14. a4 a6
15. e4 e6 16. Qe3 Re8 17. Ra1 f5 18. axb5 axb5 19. Rxa8 Qxa8 20. e5 Nb6 21. b3
Qa5 22. Ne2 h6 23. Rd1 Ra8 24. Nf4 Re8 25. Qg3 g5 26. Nh5+ Kg6 27. Nf6 Ra8 28.
f4 Qa7 29. fxg5 hxg5 30. Qh3 Qf7 31. Qh5+ Kg7 32. Qxg5+ Kf8 33. Rf1 Nd7 34.
Nxd7+ Qxd7 35. g4 Qg7 36. Qxg7+ Kxg7 37. gxf5 exf5 38. Rxf5 Ra1+ 39. Rf1 Ra2
40. Rc1 Kg6 41. Kf2 Kf5 42. Ke3 c5 43. dxc5 Kxe5 44. Kd3 b4 45. h4 Ra5 46. Re1+
Kf5 47. Kd4 Ra2 48. Rc1 Ke6 49. h5 Ra7 50. Re1+ Kf5 51. Kxd5 Rd7+ 52. Kc4 Rd2
53. Rc1 Kg5 54. Kxb4 Kxh5 55. Kb5 Kg6 56. b4 Kf6 57. c4 Ke6 58. Rc3 Kd7 59. Kb6
Kc8 60. c6 Rh2 61. Rf3 Rh8 62. Ra3 Kb8 63. c7+ Kc8 64. Ra8+ Kd7 65. Rxh8 Kd6
66. Re8 Kd7 67. c8=Q+ Kd6 68. Qd8# {brutus checkmated} 1-0

[Event "ICS rated blitz match"]
[Site "204.178.125.65"]
[Date "1999.09.01"]
[Round "?"]
[White "Hossa"]
[Black "brutus"]
[Result "1-0"]
[WhiteElo "2499"]
[BlackElo "2110"]
[PlyCount "69"]
[EventDate "1999.??.??"]

1. e4 e6 2. d4 d5 3. Nc3 Nf6 4. e5 Nfd7 5. f4 c5 6. Nf3 Nc6 7. Bb5 a6 8. Bxc6
bxc6 9. O-O cxd4 10. Nxd4 c5 11. Nf3 Bb7 12. b3 g6 13. Ba3 Be7 14. Qe2 Qb6 15.
Na4 Qc6 16. Rad1 h6 17. c4 d4 18. Nxd4 cxd4 19. Bxe7 Kxe7 20. Rxd4 Rhd8 21. Rd6
Qc7 22. Qf2 Bc6 23. Qh4+ Ke8 24. Nc3 Nc5 25. Qxh6 Rxd6 26. exd6 Qxd6 27. Rd1
Qf8 28. Qh4 Qe7 29. Qh8+ Qf8 30. Qe5 Qe7 31. Rd6 f6 32. Qxc5 Bb7 33. Qb6 Bc8
34. Ne4 Bd7 35. Rxd7 {brutus resigns} 1-0

[Event "ICS rated blitz match"]
[Site "204.178.125.65"]
[Date "1999.09.25"]
[Round "?"]
[White "Hossa"]
[Black "brutus"]
[Result "1-0"]
[WhiteElo "2494"]
[BlackElo "2180"]
[PlyCount "71"]
[EventDate "1999.??.??"]

1. e4 e6 2. d4 d5 3. Nc3 Nf6 4. e5 Nfd7 5. f4 c5 6. Nf3 Nc6 7. Bb5 a6 8. Bxc6
bxc6 9. O-O g6 10. Be3 Be7 11. dxc5 Nxc5 12. Nd4 Bb7 13. Qg4 Nd7 14. Nf3 O-O
15. Qh3 c5 16. Bc1 Qb6 17. Qh6 d4 18. Nb1 Qc6 19. Nbd2 Nb6 20. Rf2 Qd5 21. Ng5
Bxg5 22. Qxg5 c4 23. Qh6 c3 24. Nf3 f5 25. Ng5 Qd7 26. bxc3 dxc3 27. Rb1 Nd5
28. Nxe6 Rfb8 29. Nc5 Qc6 30. Ba3 Bc8 31. Rd1 Rb5 32. Nb3 Be6 33. Nd4 Qd7 34.
Nxb5 axb5 35. Bb4 Ra4 36. Qf8# {brutus checkmated} 1-0

[Event "ICS rated blitz match"]
[Site "204.178.125.65"]
[Date "1999.09.03"]
[Round "?"]
[White "Hossa"]
[Black "brutus"]
[Result "1-0"]
[WhiteElo "2566"]
[BlackElo "2086"]
[PlyCount "38"]
[EventDate "1999.??.??"]

1. e4 e6 2. d4 d5 3. Nc3 Nf6 4. e5 Nfd7 5. f4 c5 6. Nf3 Nc6 7. Bb5 a6 8. Bxc6
bxc6 9. O-O cxd4 10. Nxd4 c5 11. Nf3 Be7 12. f5 Bb7 13. fxe6 fxe6 14. Ne2 O-O
15. Nf4 Qb6 16. a4 d4 17. a5 Qc6 18. Ra2 Rad8 19. Qe2 19... Qc7 {brutus resigns
} 1-0

[Event "ICS rated blitz match"]
[Site "204.178.125.65"]
[Date "1999.09.24"]
[Round "?"]
[White "Hossa"]
[Black "brutus"]
[Result "1/2-1/2"]
[WhiteElo "2452"]
[BlackElo "2131"]
[PlyCount "141"]
[EventDate "1999.??.??"]

1. e4 e6 2. d4 d5 3. e5 Bd7 4. Nf3 c5 5. Bg5 Qb6 6. Bc1 cxd4 7. Qxd4 Bc5 8. Qh4
Ne7 9. Bd3 Bb5 10. Bxb5+ Qxb5 11. Nc3 Qa6 12. Qa4+ Qc6 13. Bg5 a6 14. Bxe7 Bxe7
15. O-O Qxa4 16. Nxa4 b5 17. Nc3 Nc6 18. a4 b4 19. Ne2 Bc5 20. Rfd1 O-O 21. Rd3
Rfc8 22. Nf4 g6 23. h4 h5 24. Rad1 a5 25. R3d2 Ra7 26. Nd3 Bb6 27. Kh2 Rac7 28.
Re2 Ne7 29. Nde1 Nf5 30. g3 Ne7 31. Red2 Nf5 32. Kg2 Ne7 33. Rd3 Nf5 34. R1d2
Kg7 35. Kh3 Kg8 36. Kh2 Kg7 37. Kg2 Kg8 38. Rd1 Kg7 39. R3d2 Kg8 40. Kh3 Kg7
41. Ng5 Kg8 42. Kg2 Kg7 43. Rd3 Kg8 44. R1d2 Kg7 45. Kh3 Kg8 46. Kh2 Kg7 47.
Ngf3 Kg8 48. Kh1 Kg7 49. Ng1 Kg8 50. Kg2 Kg7 51. Ne2 Kg8 52. Nc1 Kg7 53. Rd1
Kg8 54. Nb3 Kg7 55. R3d2 Kg8 56. Kh3 Kg7 57. Nc1 Kg8 58. Kh2 Kg7 59. Kg2 Kg8
60. Ne2 Kg7 61. Rd3 Kg8 62. Rb1 Kg7 63. Rbd1 Kg8 64. Rb1 Kg7 65. Rbd1 Kf8 66.
Ng1 Kg7 67. Ngf3 Kg8 68. R1d2 Kg7 69. Kh3 Rc4 70. Kg2 R4c7 71. Kh3 {
Game drawn by repetition} 1/2-1/2

[Event "ICS rated blitz match"]
[Site "204.178.125.65"]
[Date "1999.09.30"]
[Round "?"]
[White "Hossa"]
[Black "brutus"]
[Result "1-0"]
[WhiteElo "2500"]
[BlackElo "2204"]
[Annotator "Fritz 5.32 (20s)"]
[PlyCount "63"]
[EventDate "1999.??.??"]

1. d4 Nf6 2. c4 g6 3. Nc3 d5 4. Qb3 dxc4 5. Qxc4 Bg7 6. e4 O-O 7. Nf3 c6 8. Be2
Be6 9. Qd3 Na6 10. Qd1 $146 (10. O-O b5 (10... Nc7 11. h3 Nfe8 12. Rd1 Nd6 13.
Qc2 Bc4 14. Be3 Qc8 15. Rac1 h6 16. b3 Bxe2 17. Qxe2 Qe6 18. d5 cxd5 19. exd5
Qd7 20. Bd4 Bxd4 21. Nxd4 Rac8 22. Qe3 Kh7 23. h4 Nce8 24. Nf3 a6 25. Ne5 Qd8
26. h5 gxh5 27. Qd3+ Kh8 28. Re1 Ng7 29. Re3 Ndf5 30. Rf3 e6 31. dxe6 Qxd3 32.
Rxd3 Nxe6 33. Rd7 Nc5 34. Rxf7 Rxf7 35. Nxf7+ Kg7 36. Ne5 Nd4 37. Kf1 Kf6 38.
Na4 Kxe5 39. Rxc5+ Rxc5 40. Nxc5 Nc6 41. Nxb7 Kd5 42. Ke2 Nb4 43. a4 Kd4 44.
Kf3 Nd3 45. Kg3 Kc3 46. f4 Kxb3 47. f5 Kxa4 48. f6 Ne5 49. Nc5+ Kb5 50. Nxa6
Kxa6 51. Kh4 Kb6 52. Kxh5 Kc6 53. Kxh6 53... Kd5 {
- Rumiancev,B-Zdanovs,I/URS 1968/MCD (53)}) (10... Ne8 11. Be3 Nac7 12. Ng5 Bc8
13. f4 f6 14. Nf3 f5 15. e5 Kh8 16. Nd2 Be6 17. Nb3 Bxb3 18. axb3 Nd5 19. Nxd5
Qxd5 20. Bf3 Qd7 21. Qc4 e6 22. Qc5 a6 23. Qb4 Rg8 24. h4 Bf8 25. Qd2 Nc7 26.
Qf2 Nd5 27. Bd2 Be7 28. Kh2 Raf8 29. Rfc1 Rf7 30. g3 {
- Grau,R-Enevoldsen,J/Buenos Aires 1939/HCL (30)}) 11. Rd1 Qb6 12. Bg5 Rfd8 13.
Rac1 Bc4 14. Qe3 Bxe2 15. Qxe2 b4 16. Na4 Qb5 17. Qc2 Nxe4 18. Qxe4 Qxa4 19.
Bxe7 Re8 20. Qxc6 Qxc6 21. Rxc6 Rxe7 22. Rxa6 Rc8 23. b3 Rc2 24. d5 24... Rd7 {
Guimard,C-Christensen,A/Buenos Aires 1939/HCL/1-0 (40)}) 10... Nc7 11. O-O
11... a6 {Sichert b5} 12. Ng5 Bc8 13. Be3 13... Ne6 $14 (13... h6 14. Nf3 $11)
14. Qd2 Nxg5 15. Bxg5 Be6 16. Rad1 Qd7 17. Bh6 Rfd8 18. Qg5 $11 (18. Bxg7 Kxg7
19. Qg5 19... b6 $11) 18... Qc7 $14 (18... Bh8 19. Rfe1 $11) 19. Bxg7 Kxg7 20.
Rd2 h6 21. Qe3 Qb6 22. Rc1 Rac8 23. b3 {Kontrolliert c4} 23... Qb4 24. Rdd1
24... Qb6 $14 (24... Rc7 25. e5 Nd5 26. Nxd5 Bxd5 27. Qf4 $11) 25. Na4 {
Weiss entwickelt eine toedliche Initiative} 25... Qa7 26. Nc5 Bg4 27. Bxg4 Nxg4
28. Qf4 Nf6 29. a3 e6 30. Rd3 $15 (30. Qe3 b6 31. Nd3 31... Qe7 $11) 30... Nd7
$4 $18 {gibt den Vorteil aus der Hand} (30... b6 $142 {war relativ besser} 31.
Na4 31... e5 $11) 31. Rf3 {Droht Matt} 31... f5 (31... Rf8 {
hilft allerdings auch nicht} 32. Nxd7 Qxd4 33. Nxf8 Rxf8 34. Qc7 $18) 32. Nxe6+
(32. Nxe6+ Kf7 33. Nxd8+ Rxd8 34. exf5 $18) 1-0

[Event "ICS rated blitz match"]
[Site "204.178.125.65"]
[Date "1999.09.11"]
[Round "?"]
[White "Hossa"]
[Black "brutus"]
[Result "1-0"]
[WhiteElo "2451"]
[BlackElo "2108"]
[PlyCount "153"]
[EventDate "1999.??.??"]

1. e4 e6 2. d4 d5 3. e5 c5 4. c3 Bd7 5. Nd2 Qb6 6. Ne2 cxd4 7. cxd4 Bb5 8. Nb3
Nc6 9. Be3 Nge7 10. Nc3 Bxf1 11. Kxf1 Nf5 12. Rc1 Be7 13. Qd3 O-O 14. Nxd5
Nxe3+ 15. Nxe3 Rfd8 16. Nc4 Qa6 17. f4 Rd5 18. Kf2 Rad8 19. Rhd1 Nxd4 20. Ne3
Qxd3 21. Rxd3 Nxb3 22. Rxb3 Rd2+ 23. Kf3 b6 24. Rc7 R2d7 25. Rbc3 g6 26. Rxd7
Rxd7 27. g4 Bc5 28. h4 Rd2 29. Nc2 Rh2 30. Kg3 Rd2 31. Kh3 a5 32. g5 Kf8 33. a3
a4 34. Kg4 Ke7 35. Rc4 Kd7 36. Ne1 Rxb2 37. Rxa4 Rb1 38. Ra7+ Ke8 39. Nd3 Rb3
40. Nxc5 bxc5 41. a4 c4 42. Rc7 c3 43. Rc4 Ra3 44. a5 Rxa5 45. Rxc3 Ke7 46. h5
Ra1 47. Rc7+ Kf8 48. h6 Rg1+ 49. Kf3 Rf1+ 50. Kg3 Rg1+ 51. Kf2 Rg4 52. Kf3 Rg1
53. Rc8+ Ke7 54. Rh8 Rf1+ 55. Ke3 Re1+ 56. Kf2 Rh1 57. Rxh7 Rh4 58. Kg3 Rh1 59.
Rh8 Rh5 60. Rb8 Rh1 61. Kf3 Rh5 62. Kg4 Rh1 63. Kg3 Rh5 64. Rb7+ Kf8 65. Rd7
Ke8 66. Rc7 Kf8 67. Kf3 Ke8 68. Ke3 Kf8 69. Rc8+ Ke7 70. Ra8 Rh1 71. Ke4 Re1+
72. Kf3 Rf1+ 73. Kg2 Rxf4 74. h7 Rg4+ 75. Kh3 Rxg5 76. Ra7+ Kf8 77. h8=Q# {
brutus checkmated} 1-0

[Event "ICS rated blitz match"]
[Site "204.178.125.65"]
[Date "1999.09.07"]
[Round "?"]
[White "Hossa"]
[Black "buzdovan"]
[Result "1/2-1/2"]
[WhiteElo "2518"]
[BlackElo "2083"]
[PlyCount "161"]
[EventDate "1999.??.??"]

1. e4 c6 2. d4 d5 3. exd5 cxd5 4. c4 Nf6 5. Nc3 e6 6. Bg5 Be7 7. cxd5 Nxd5 8.
Bxe7 Nxe7 9. Nf3 Nbc6 10. Bb5 O-O 11. Bxc6 Nxc6 12. O-O a6 13. Rc1 Bd7 14. Qb3
b5 15. Ne4 Na5 16. Qd3 h6 17. Ne5 Be8 18. Rfe1 Rc8 19. Rxc8 Qxc8 20. Qg3 Nc4
21. Rc1 Qa8 22. Nf6+ Kh8 23. Nxe8 Qxe8 24. Nxc4 bxc4 25. Rxc4 Qb5 26. Qc3 Kh7
27. Qc2+ g6 28. a4 Qd5 29. b4 Rb8 30. f4 Kg7 31. Qe2 Rd8 32. Qe5+ Qxe5 33. dxe5
Rd1+ 34. Kf2 Ra1 35. b5 axb5 36. axb5 Rb1 37. Rc5 Rb3 38. h4 g5 39. hxg5 hxg5
40. fxg5 Kg6 41. Ke2 Kxg5 42. Kf2 Kf4 43. Kg1 Kg3 44. Kf1 Rb1+ 45. Ke2 Kxg2 46.
Kd3 Kf3 47. Kc2 Rb4 48. Kc3 Rb1 49. Kd2 Ke4 50. Kc3 Kf5 51. Kc2 Rb4 52. Kd3 f6
53. exf6+ Kxf6 54. Kc3 Rb1 55. Kc4 e5 56. Kd5 Rd1+ 57. Kc6 e4 58. b6 Rb1 59. b7
e3 60. Rc3 e2 61. Rf3+ Kg5 62. Re3 Rc1+ 63. Kd7 Rb1 64. b8=Q Rxb8 65. Rxe2 Kf4
66. Rf2+ Ke3 67. Rf1 Rb6 68. Ke7 Ra6 69. Kf7 Rb6 70. Rd1 Ra6 71. Ke7 Ke4 72.
Re1+ Kf4 73. Kf7 Kf5 74. Ke7 Kg5 75. Rf1 Kg4 76. Kf7 Kg3 77. Ke7 Kg2 78. Rf4
Kg3 79. Rf1 Kg2 80. Rf4 Kg3 81. Rf1 {Game drawn by repetition} 1/2-1/2